000 00269nam a2200097Ia 4500
008 240331s9999 xx 000 0 und d
082 _bMAH
100 _aMahroof, M.M.M.
245 0 _aMuslims of Kalutra district :
_bhistory and cultural heritage- a brief survey
942 _cL
999 _c2019
_d2019